000 00397cam a2200133 4500
008 110720n 000 0 eng u
035 _a(Sirsi) a173841
050 _aKSS 171.A31.M35 MAL 1999
110 1 _aMalawi Government
245 _aThe Constitution of the Republic of Malawi.
260 _aLilongwe:
_bMalawi Govt.,
_c1999.
300 _a110 p. ; 21 cm.
650 _aConstitutions --Malawi.
999 _c117209
_d117209